Statistics for Famous People 2

Click here to take the quiz!

General Stats

  • This quiz has been taken 53 times
  • The average score is 9 of 12

Answer Stats

Answer% Correct
Adolf Hitler
98%
Barack Obama
98%
Muhammad Ali
98%
Justin Bieber
94%
Mickey Mouse
92%
Mother Teresa
92%
Taylor Swift
84%
George Washington
82%
Gordon Ramsay
82%
Isaac Newton
55%
Chris Hemsworth
51%
Anh Do
0%

Score Distribution

Percentile by Number Answered

Percent of People with Each Score

Your Score History

You have not taken this quiz